00805nam a2200241 450000100060000000300080000600500170001400800390003103500190007004000270008904100080011608200280012410000360015224500530018825000140024126000430025530000210029850000290031965000320034894200120038099900170039295201540040918418BD-RjUL20211209000300.0140220s1970 pk 000 0 eng a(BD-RjUL)18476 aDLCcDLCdBD-RjULbeng aeng04a335.009174927bHUI 19701 aHussain, Mirza Mohammad.95675410aIslam versus socialism /bMirza Mohammad Hussain a[New ed.] aLahore :bSh. Muhammad Ashraf,cc1970. a170 p. ;c22 cm. aFirst published in 1947. 0aSocialism and Islam.956755 2ddccBK c18418d18418 00102ddc40718NFICaRUCLbRUCLcReadingd1973-08-23eNawraze Kitabistang5.00l0o335.009174927 HUI 1970r2014-02-20 00:00:00tC-1w2014-02-20yBK